| 000 | 00515nam a22001577a 4500 | ||
|---|---|---|---|
| 003 | NUST | ||
| 038 | _aNusrat Nadeem | ||
| 082 | _a200 | ||
| 100 |
_aZafar, Attiqa _9130688 |
||
| 245 |
_aThe Feminist Feed: A Framing Analysis of Aurat March Instagram Content, 2018-2022/ _cAttiqa Zafar, |
||
| 264 |
_aIslamabad: _bS3H NUST. _c2025. |
||
| 650 |
_aMS-Mass Communication _9114380 |
||
| 700 |
_aSupervisor: Dr. Tehreem Azeem _9130570 |
||
| 856 | _uhttp://10.250.8.41:8080/xmlui/handle/123456789/55038 | ||
| 942 |
_2ddc _cSC |
||
| 999 |
_c614855 _d614855 |
||